Una historia ridícula / (Record no. 193346)

MARC details
000 -LEADER
campo de control de longitud fija 01418nam a2200385 i 4500
001 - NÚMERO DE CONTROL
campo de control 193346
003 - IDENTIFICADOR DE NÚMERO DE CONTROL
campo de control SpMaBN
005 - FECHA Y HORA DE LA ÚLTIMA TRANSACCIÓN
campo de control 20240902063038.0
007 - CAMPO FIJO DE DESCRIPCIÓN FÍSICA--INFORMACIÓN GENERAL
campo de control de longitud fija ta
008 - DATOS DE LONGITUD FIJA--INFORMACIÓN GENERAL
campo de control de longitud fija 231103s2023 sp | |||| 000 f spa
017 ## - NÚMERO DE COPYRIGHT O DE DEPÓSITO LEGAL
Número de copyright o de depósito legal B 12637-2023
Agencia que asigna Oficina Depósito Legal Barcelona
020 ## - NÚMERO INTERNACIONAL ESTÁNDAR DEL LIBRO
Número Internacional Estándar del Libro 9788411073288
035 ## - NÚMERO DE CONTROL DEL SISTEMA
Número de control de sistema a7084878
040 ## - FUENTE DE CATALOGACIÓN
Centro catalogador/agencia de origen SpMaBN
Lengua de catalogación spa
Centro/agencia transcriptor SpMaBN
Normas de descripción rda
Centro/agencia modificador ES-MaACL
080 ## - NÚMERO DE LA CLASIFICACIÓN DECIMAL UNIVERSAL
Número de la Clasificación Decimal Universal 821.134.2-31"19"
100 1# - ENTRADA PRINCIPAL--NOMBRE DE PERSONA
Nombre de persona Landero, Luis,
Fechas asociadas al nombre 1948-
9 (RLIN) 69943
Término indicativo de función/relación Autor
245 14 - MENCIÓN DEL TÍTULO
Título Una historia ridícula /
Mención de responsabilidad, etc. Luis Landero.
250 ## - MENCION DE EDICION
Mención de edición 1ª edición en colección Maxi: septiembre de 2023
264 #1 - PRODUCCIÓN, PUBLICACIÓN, DISTRIBUCIÓN, FABRICACIÓN Y COPYRIGHT
Producción, publicación, distribución, fabricación y copyright Barcelona :
Nombre del de productor, editor, distribuidor, fabricante Maxi Tusquets,
Fecha de producción, publicación, distribución, fabricación o copyright 2023
300 ## - DESCRIPCIÓN FÍSICA
Extensión 283 páginas ;
Dimensiones 23 cm
336 ## - TIPO DE CONTENIDO
Término de tipo de contenido Texto
Fuente rdacontent
337 ## - TIPO DE MEDIO
Nombre/término del tipo de medio sin mediación
Fuente rdamedia
338 ## - TIPO DE SOPORTE
Nombre/término del tipo de soporte volumen
Fuente rdacarrier
490 1# - MENCIÓN DE SERIE
Mención de serie Maxi ;
Designación de volumen o secuencia 006/12
520 ## - RESUMEN, ETC.
Sumario, etc. Una historia de amor repleta de humor e ironía.
655 #0 - TERMINO DE INDIZACIÓN--GENERO/FORMA
Datos o término principal de género/forma Novelas psicológicas
Fuente del término tgfbne
9 (RLIN) 233883
830 ## - PUNTO DE ACCESO ADICIONAL DE SERIE-TÍTULO UNIFORME
9 (RLIN) 234574
Título uniforme Maxi (Tusquets) ;
Designación de volumen o secuencia 006/12
852 ## - LOCALIZACIÓN
Ubicación ES-MaACL
Sublocalización o colección R.154773
itemnumber 200792
Número de control de estantería N-9569
Ubicación en estantería Depósito J
Anotaciones manuscritas Dedicatoria autógrafa del autor
Donativo/Legado Donación: Luis Landero
Encuadernación Encuadernación rústica
903 ## - NOMBRE PERSONAL DE DONANTE
9 69943
a Landero, Luis,
d 1948-
e Donante
942 ## - ELEMENTOS DE ENTRADA SECUNDARIOS (KOHA)
Suprimir en OPAC No
Tipo de ítem Koha Libro impreso
Holdings
Estatus retirado Estado de pérdida Fuente del sistema de clasificación o colocación Estado de daño No para préstamo Colección Biblioteca de origen Biblioteca actual Ubicación en estantería Fecha de adquisición Fuente de adquisición Total de préstamos Signatura topográfica completa Código de barras Visto por última vez Tipo de ítem Koha Nota pública
    Clasificación decimal universal     Libros con dedicatorias Biblioteca del Ateneo de Madrid Biblioteca del Ateneo de Madrid Depósito J 03/11/2023 Donación   N-9569 101206098 03/11/2023 Libro impreso Dedicatoria autógrafa del autor